| 000 | 00611nam a2200145Ia 4500 | ||
|---|---|---|---|
| 008 | 170221s9999 xx 000 0 und d | ||
| 100 | _aHucks, Nick. | ||
| 245 | _aAgricultural risk management in the Northern Coastal Plains of South Carolina | ||
| 245 | _cNick Hucks, Horry Telephone Cooperative; Von Todd, Horry Telephone Cooperative; Robert B. Burney, Coastal Carolina University; Thomas W. Secrest, Coastal Carolina University. | ||
| 260 | _bJournal of Management and Marketing Research | ||
| 260 | _c2015 | ||
| 300 | _a14 : | ||
| 650 | _xBusiness | ||
| 856 | _uhttp://www.aabri.com/manuscripts/11915.pdf | ||
| 999 |
_c313103 _d313103 |
||